Hacia un nuevo concepto de empresa occidental : la empresa din mica en calidad total / Ugo Fea (Registro nro. 18711)

Detalles MARC
000 -LÍDER
fixed length control field 00553nam a2200157 4500
008 - ELEMENTOS DE LONGITUD FIJA -- INFORMACIÓN GENERAL
fixed length control field 0 1995 0a 000 0MEX
020 ## - NÚMERO INTERNACIONAL NORMALIZADO PARA LIBROS
ISBN 970-15-0027-X
050 ## - SIGNATURA TOPOGRAFICA DE LA BIBLIOTECA DEL CONGRESO (LC)
Número de Clasificación HD37 S66 F4
082 ## - NUMERO DE CLASIFICACION DECIMAL DEWEY
Número de Clasificación 658.568 F288h
100 ## - ASIENTO PRINCIPAL--NOMBRE PERSONAL
Nombre personal Fea, Ugo
245 ## - TÍTULO
Título Hacia un nuevo concepto de empresa occidental : la empresa din mica en calidad total / Ugo Fea
260 ## - PUBLICACIÓN, DISTRIBUCIÓN, ETC. (PIE DE IMPRENTA)
Lugar de publicación, distribución, etc. México : Alfaomega
300 ## - DESCRIPCIÓN FÍSICA
Extensión 286 p. / 23 cm.
440 ## -
-- Estrategia y gestión competitiva
650 ## - ASIENTO SECUNDARIO DE MATERIA - TERMINO TEMÁTICO
Término temático o nombre geográfico como elemento de entrada 1.CALIDAD TOTAL-ADMINISTRACION \ 2.CAMBIO ORGANIZACIONAL \ 3.CAMBIO CORPORATIVO
Existencias
No. biblioteca No. biblioteca Número de clasificación Código de barras/Número de adquisición Número de copia Tipo de material
LUIS G. INCLAN LUIS G. INCLAN 658.568 F288h 32092 1 Libros
LUIS G. INCLAN LUIS G. INCLAN 658.568 F288h 32093 2 Libros
LUIS G. INCLAN LUIS G. INCLAN 658.568 F288h 32094 3 Libros
LUIS G. INCLAN LUIS G. INCLAN 658.568 F288h 32095 4 Libros
LUIS G. INCLAN LUIS G. INCLAN 658.568 F288h 32096 5 Libros
LUIS G. INCLAN LUIS G. INCLAN 658.568 F288h 32097 6 Libros
LUIS G. INCLAN LUIS G. INCLAN 658.568 F288h 45230 7 Libros
LUIS G. INCLAN LUIS G. INCLAN 658.568 F288h 45231 8 Libros
LUIS G. INCLAN LUIS G. INCLAN 658.568 F288h 45232 9 Libros
LUIS G. INCLAN LUIS G. INCLAN 658.568 F288h 45233 10 Libros
Calzada Tecnológico # 27, Zacatepec, Morelos.
01(734) 343-07-23 / 343-21-10 / 343-21-11
Apdo. Postal 45 C.P 62780